| 000 | 00751nam a2200181 4500 | ||
|---|---|---|---|
| 999 |
_c1440 _d1440 |
||
| 020 | _a 0073528501 | ||
| 050 | _aHD28.M35 | ||
| 100 | _a editor, Fred H. Maidmen | ||
| 245 |
_a Management / _c $c editor, Fred H. Maidmen |
||
| 250 | _a 15th ed. | ||
| 260 |
_a Boston : _b: McGraw Hill Higher Education, _c2009. |
||
| 300 |
_a187 p. : _b ill. ; _c 28 cm |
||
| 500 | _a Originally published: New York : McGraw-Hill Higher Education, c2009. 15th ed. | ||
| 505 | _aUnit 1. Managers, performance, and the environment Unit 2. Planning Unit 3. Organising Unit 4. Directing Unit 5. Controlling Unit 6. Staffing and human resouces Unit 7. Perspectives and trends | ||
| 650 | _a Management. | ||
| 700 | _aMaidment, Fred H. | ||
| 942 | _cBK | ||